UBT Library

FINANCIAL MARKETS AND INCOMPLETE INFORMATION (Record no. 36204)

000 -LEADER
fixed length control field 00289nam a22001217a 4500
008 - FIXED-LENGTH DATA ELEMENTS--GENERAL INFORMATION
fixed length control field 171027b xxu||||| |||| 00| 0 eng d
041 ## - LANGUAGE CODE
Language code of text/sound track or separate title eng
080 ## - UNIVERSAL DECIMAL CLASSIFICATION NUMBER
Universal Decimal Classification number 336
100 ## - Rafti
Rafti 56
101 ## - Shkurtesa
Shkurtesa FIN
245 ## - TITLE STATEMENT
Title FINANCIAL MARKETS AND INCOMPLETE INFORMATION
Statement of responsibility, etc BHATTACHARYA, S
942 ## - ADDED ENTRY ELEMENTS (KOHA)
Source of classification or shelving scheme
Item type Books
Holdings
Withdrawn status Lost status Source of classification or shelving scheme Damaged status Not for loan Collection code Permanent location Current location Shelving location Date acquired Total Checkouts Full call number Barcode Date last seen Price effective from Koha item type
          Koleksioni i përgjithshem UBT - Lipjan UBT - Lipjan Koleksioni i lëndeve mesimore 10/27/2017   336 BHA 002-2934450 10/27/2017 10/27/2017 Books
UBT Library © 2015-2024. All rights reserved University Education for Business and Technology